000 00477nmm a2200157Ia 4500
008 251105s9999||||xx |||||||||||||||||und||
041 _aspa
100 _aKallmaker, Karin & Radclyffe
245 0 _aCruising Las Vegas :
_b En aguas profundas II
264 _a[Madrid, España] :
_bEditorial Egales,
_c2019
300 _a336 páginas
490 _aNarrativa
650 _aNorth American narrative
856 _uhttps://public.digitaliapublishing.com/a/160846
942 _cCF
999 _c100218
_d100218